LIBRARY & INFORMATION CENTRE, KCAET, TAVANUR

ONLINE PUBLIC ACCESS CATALOGUE (OPAC)

Indian village community / (Record no. 1499)

MARC details
000 -LEADER
fixed length control field 00388cam a2200157ua 4500
041 ## - LANGUAGE CODE
Language code of text/sound track or separate title eng
082 ## - DEWEY DECIMAL CLASSIFICATION NUMBER
Classification number 307.762
Item number POW/IN
100 ## - MAIN ENTRY--AUTHOR NAME
Personal name Powell-Baden, B H .
245 ## - TITLE STATEMENT
Title Indian village community /
250 ## - EDITION STATEMENT
Edition statement 1 /
260 ## - PUBLICATION, DISTRIBUTION, ETC. (IMPRINT)
Place of publication New Haven :
Name of publisher Hraf Press ,
Year of publication 1957.
300 ## - PHYSICAL DESCRIPTION
Number of Pages 456 ; .
942 ## - ADDED ENTRY ELEMENTS (KOHA)
Koha item type Books
Holdings
Withdrawn status Lost status Damaged status Home library Current library Date acquired Full call number Accession Number Koha item type
Withdrawn     KAUAET Sanskrit University 07/04/2012 307.762 570 Books
free website counter